| 000 | 01025cam a22003015a 4500 | ||
|---|---|---|---|
| 001 | 15024893 | ||
| 005 | 20160926123830.0 | ||
| 008 | 070927s2008 enka frb 001 0 eng d | ||
| 020 | _a9781844075201 (pbk.) | ||
| 020 | _a1844075206 (pbk.) | ||
| 040 |
_aDLC _cDLC _dUKM _dBAKER _dYDXCP _dBTCTA _dBWKUK _dDLC _dEG-ScBUE _beng |
||
| 082 | 0 | 4 |
_a338.927 _222 _bROG |
| 100 | 1 |
_aRogers, Peter P., _d1937- _941235 |
|
| 245 | 1 | 3 |
_aAn introduction to sustainable development / _cPeter P. Rogers, Kazi F. Jalal, John A. Boyd. |
| 260 |
_aOxon ; _aNew York : _bEarthscan, _c2008. |
||
| 300 |
_a416 p. : _bill. ; _c25 cm. |
||
| 500 | _a"Published by Glen Educational Foundation, Inc." | ||
| 500 | _aIndex : p. 407-416. | ||
| 504 | _aBibliography : p. 389-405. | ||
| 650 | 7 |
_aSustainable development. _2BUEsh _93569 |
|
| 650 | 7 |
_aEnvironmental policy. _2BUEsh _93266 |
|
| 651 | _2BUEsh | ||
| 653 |
_bBUSADM _cSeptember2016 |
||
| 655 |
_vReading book _934232 |
||
| 700 | 1 | _aJalal, Kazi F. | |
| 700 | 1 |
_aBoyd, John A., _d1942- |
|
| 942 | _2ddc | ||
| 999 |
_c22407 _d22379 |
||